Naruto-Charaktere - Statistiken

Allgemein
  • Dieses Quiz wurde 484 mal gespielt
  • Das Durchschnittsergebnis liegt bei 11 aus 20
Answers on the Grid
Answers color-coded by a green-red scale on the quiz's grid according to % correct below.
Akamaru
Ao
Boris Blocksberg
Boruto Uzumaki
Fukasaku
Hagoromo Otsutsuki
Hinata Hyuga
Kabuto Yakushi
Kanzo Mogi
Katsuya Jonouchi
Killer B
Konan
Konekomaru Miwa
Kurenai Yuhi
Kurozumi Orochi
Mifune
Mizore Shirayuki
Naruto Uzumaki
Rin Nohara
Rock Lee
Sai
Saske Sarutobi
Sasori
Seishi Kishimoto
Shikamaru Nara
Shizuka Hattori
Shura Kirigakure
Son Gokū
Tenten
Zabuza Momochi
 
Antwortstatistiken
Antwort % Korrekt
Akamaru
88%
Hinata Hyuga
87%
Boruto Uzumaki
77%
Kabuto Yakushi
77%
Killer B
65%
Hagoromo Otsutsuki
63%
Rock Lee
59%
Naruto Uzumaki
57%
Konan
56%
Sai
55%
Shikamaru Nara
55%
Tenten
54%
Sasori
51%
Ao
49%
Kurenai Yuhi
49%
Rin Nohara
48%
Fukasaku
47%
Zabuza Momochi
44%
Mifune
37%
Son Gokū
15%
Keine übereinstimmenden Quizze gefunden
Verteilung der Resultate
Anzahl Personen mit jedem Resultat
Perzentil nach korrekt beantworteten Fragen
Ihre Resultats-Entwicklung
Sie haben dieses Quiz noch nicht gespielt